[Event "Llinars del Valles op-B 13th"]
[Site "Llinars del Valles"]
[Date "2019.04.27"]
[Round "3"]
[White "Chalmeta Torredemer, Jordi"]
[Black "Castillo Valles, Jordi"]
[Result "1-0"]
[WhiteElo "1628"]
[BlackElo "1477"]
[PlyCount "51"]
[EventDate "2019.03.30"]
[EventType "swiss"]
[EventRounds "8"]
[EventCountry "ESP"]
[SourceTitle "EXT 2020"]
[Source "ChessBase"]
[SourceDate "2019.10.17"]
[SourceVersion "1"]
[SourceVersionDate "2019.10.17"]
[SourceQuality "1"]

1. e4 c5 2. Nf3 g6 3. Bc4 Bg7 4. c3 e6 5. 0-0 Ne7 6. d3 0-0 7. Bg5 Nbc6 8. a4 Qc7 9. Na3 a6 10. Qc1 d5 11. exd5 Nxd5 12. Bh6 Ne5 13. Nxe5 Qxe5 14. Re1 Qf5 15. Bxg7 Kxg7 16. Nc2 Nb6 17. Ne3 Qf4 18. Bb3 Nd7 19. g3 Qh6 20. f4 Nf6 21. Bd1 Rd8 22. Qc2 b6 23. Bf3 Ra7 24. Ng4 Qh5 25. Ne5 Qh3 26. Bg2 1-0